Normatividad y psicología cognitiva: la propuesta naturalizada de M. Bishop y J. D. Trout /
Uloženo v:
| Hlavní autor: | |
|---|---|
| Médium: | Text |
| Tagy: |
Přidat tag
Žádné tagy, Buďte první, kdo vytvoří štítek k tomuto záznamu!
|
MARC
| LEADER | 00000 a a2200000 04500 | ||
|---|---|---|---|
| 001 | 48883 | ||
| 003 | |||
| 040 | |||
| 100 | |a García Campos, Jonatan | ||
| 245 | |a Normatividad y psicología cognitiva: |b la propuesta naturalizada de M. Bishop y J. D. Trout / |c Jonatan García Campos | ||
| 773 | |a volumen53, número135, (2014), páginas 25-37 | ||
| 999 | |c 27637 |d 27637 | ||
